000
00376nam a2200133Ia 4500
008
151001s9999||||xx |||||||||||||| ||und||
100
_a
के वि बेलसरे
245
_a
अध्यात्म दर्शन
250
_a
1
260
_b
त्रिदल प्रकाशन मुंबई
260
_c
1994
300
_a
6
365
_b
21
999
_c
970865
_d
970862